guess the Taylor Swift song - Statistics

General Stats
  • This quiz has been taken 8 times
  • The average score is 281 of 385
Answer Stats
Answer % Correct
a
86%
at
86%
bad
86%
bad,
86%
crying
86%
do
86%
down
86%
Down
86%
gym
86%
I
86%
"I
86%
me
86%
no
86%
the
86%
about
71%
all
71%
All
71%
alone
71%
and
71%
back
71%
beam
71%
bigger
71%
blood
71%
can
71%
can't
71%
chosen
71%
come
71%
comes
71%
dare
71%
Did
71%
die,
71%
difference"
71%
Everything
71%
existence
71%
For
71%
from
71%
get
71%
have
71%
heaven
71%
here
71%
him"
71%
him
71%
How
71%
if
71%
I'll
71%
I'm
71%
i'm
71%
In
71%
in
71%
it
71%
it's
71%
Just
71%
just
71%
knew
71%
leave
71%
Leaving
71%
Like
71%
lost
71%
love
71%
make
71%
might
71%
moment
71%
my
71%
not
71%
Now
71%
now
71%
of
71%
on
71%
out
71%
petulance
71%
pick
71%
really
71%
romantic
71%
safe
71%
say
71%
seems
71%
sky,
71%
sky
71%
so
71%
some
71%
somehow
71%
Staring
71%
stay
71%
struck
71%
take
71%
talk
71%
teenage
71%
that
71%
That
71%
Then
71%
they
71%
They'll
71%
think
71%
this
71%
to
71%
twin
71%
up?
71%
up
71%
us
71%
waking
71%
was
71%
What
71%
"What
71%
what
71%
Where
71%
would
71%
you
71%
your
71%
build
57%
came
57%
Cause
57%
closer
57%
clothes?
57%
cosmic
57%
dust
57%
experiments
57%
exposures
57%
fort
57%
hollow
57%
hostile
57%
indecent
57%
is
57%
naked
57%
nuts
57%
old
57%
one
57%
planet
57%
same
57%
sent
57%
ship
57%
Show
57%
sparkling
57%
stranded
57%
Tell
57%
than
57%
town
57%
understand
57%
Waving
57%
"What
57%
where
57%
world
57%
cloud
43%
Encounters
43%
field
43%
takeovers
43%
Iloved
14%
strip
0%
No matching quizzes found
Score Distribution
Percent of People with Each Score
Percentile by Number Answered
Your Score History
You have not taken this quiz